SOILS GENESIS AND GEOMORPHOLOGY / (Record no. 588946)
[ view plain ]
| 000 -LEADER | |
|---|---|
| fixed length control field | 00326nam a22001337a 4500 |
| 020 ## - INTERNATIONAL STANDARD BOOK NUMBER | |
| Qualifying information | HB. |
| 040 ## - CATALOGING SOURCE | |
| Transcribing agency | FIZZA ISHAQ |
| 082 ## - DEWEY DECIMAL CLASSIFICATION NUMBER | |
| Classification number | 624.1513 |
| Author Mark | MIC |
| 100 ## - MAIN ENTRY--PERSONAL NAME | |
| Personal name | RANDALL,MICHAEL. |
| 9 (RLIN) | 90726 |
| 245 ## - TITLE STATEMENT | |
| Title | SOILS GENESIS AND GEOMORPHOLOGY / |
| Statement of responsibility, etc. | MICHEAL RANDALL. |
| 260 ## - PUBLICATION, DISTRIBUTION, ETC. | |
| Place of publication, distribution, etc. | ANDERSON ; |
| Date of publication, distribution, etc. | 2005. |
| 300 ## - PHYSICAL DESCRIPTION | |
| Extent | 278 P. ; |
| 942 ## - ADDED ENTRY ELEMENTS (KOHA) | |
| Source of classification or shelving scheme | |
| Koha item type | Book |
| Withdrawn status | Lost status | Source of classification or shelving scheme | Damaged status | Not for loan | Permanent Location | Current Location | Date acquired | Total Checkouts | Full call number | Barcode | Date last seen | Price effective from | Koha item type |
|---|---|---|---|---|---|---|---|---|---|---|---|---|---|
| NUST Baluchistan Campus (NBC) | NUST Baluchistan Campus (NBC) | 03/29/2022 | 624.1513 MIC | Q-3155 | 03/29/2022 | 03/29/2022 | Book |
